Score 0/9 Timer 04:00
2 Plays Today
Position Player % Correct
P/ManagerCharlie Brown
98.8%
2BLinus Van Pelt
74.6%
SSSnoopy
65.7%
CSchroeder
64.7%
3BPig-Pen
58%
RFLucy Van Pelt
46.1%
CFFrieda
42.5%
LFPatty
39.5%
1BShermy
23.5%

You're not logged in!

Compare scores with friends on all Sporcle quizzes.
OR
Log In

Sporcle TV

Today on Sporcle TV


Watch our educational content, quiz creation guides, and fun videos on Sporcle TV.

Show Comments

Extras

Top Quizzes Today


Score Distribution

Paid Content

Your Account Isn't Verified!

In order to create a playlist on Sporcle, you need to verify the email address you used during registration. Go to your Sporcle Settings to finish the process.

Report this User

Report this user for behavior that violates our Community Guidelines.

Details: